00362nam a2200133 i 450000100060000000300090000600500170001500700030003200800410003510000280007624500540010426000450015885200250020399518ES-MaACL20230906182517.0t|050912s1908 ag ||||1| spa d1 aMartínez, Juan Angel.10aTratamiento del delito / cJuan Angel Martínez. aLa Plata (Argentina) : b[s.n.], c1908. aES-MaACLj1592-F-18